Marketing strategy and competitive positioning. / (Record no. 647)
[ view plain ]
| 000 -LEADER | |
|---|---|
| fixed length control field | 01544nam a22002057a 4500 |
| 008 - FIXED-LENGTH DATA ELEMENTS--GENERAL INFORMATION | |
| fixed length control field | 120314t xxu||||| |||| 00| 0 eng d |
| 020 ## - INTERNATIONAL STANDARD BOOK NUMBER | |
| International Standard Book Number | 0273655167 |
| 050 ## - LIBRARY OF CONGRESS CALL NUMBER | |
| Classification number | HF5415.127.H66 |
| 100 ## - MAIN ENTRY--PERSONAL NAME | |
| Personal name | Hooley, Graham |
| 245 ## - TITLE STATEMENT | |
| Title | Marketing strategy and competitive positioning. / |
| Statement of responsibility, etc. | Graham Hooley, John Saunders and Nigel Piercy |
| 250 ## - EDITION STATEMENT | |
| Edition statement | 3rd ed. |
| 260 ## - PUBLICATION, DISTRIBUTION, ETC. | |
| Place of publication, distribution, etc. | Harlow: |
| Name of publisher, distributor, etc. | Prentice Hall, |
| Date of publication, distribution, etc. | c2004. |
| 300 ## - PHYSICAL DESCRIPTION | |
| Extent | xxiii, 619 p.: |
| Other physical details | ill.; |
| Dimensions | 23cm. |
| 500 ## - GENERAL NOTE | |
| General note | Includes index. |
| 505 ## - FORMATTED CONTENTS NOTE | |
| Formatted contents note | Contents: Marketing strategy -- Market-led strategic management -- Strategic marketing planning -- Portfolio analysis -- Competitive market analysis -- The Changing market environment -- Analysis of the competitive environment -- Assessment of organisational resources -- Customer analysis -- Competitive analysis -- Forecasting future demand and market requirements -- Identifying current and future competitive positions -- Segmentation and positioning principles -- Segmentation and positioning research -- Selecting market target -- Competive positioning strategies -- Creating sustainable competitive advantage -- Offensive and defensive competitive strategies -- Competing through strategic alliances and networks -- Competing through superior service and customer relations -- Competing through innovation -- Competing through e-marketing -- Implementation through internal marketing -- Conclusions -- Marketing strategies for the twenty-first century. |
| 650 ## - SUBJECT ADDED ENTRY--TOPICAL TERM | |
| Topical term or geographic name entry element | Marketing. |
| 700 ## - ADDED ENTRY--PERSONAL NAME | |
| Personal name | Saunders, John |
| 700 ## - ADDED ENTRY--PERSONAL NAME | |
| Personal name | Piercy, Nigel |
| 942 ## - ADDED ENTRY ELEMENTS (KOHA) | |
| Source of classification or shelving scheme | Library of Congress Classification |
| Koha item type | Books |
| Withdrawn status | Lost status | Source of classification or shelving scheme | Damaged status | Not for loan | Home library | Current library | Shelving location | Date acquired | Total Checkouts | Full call number | Barcode | Date last seen | Price effective from | Koha item type |
|---|---|---|---|---|---|---|---|---|---|---|---|---|---|---|
| Library of Congress Classification | WISCONSIN INTERNATIONAL UNIVERSITY COLLEGE, GHANA - MAIN LIBRARY | WISCONSIN INTERNATIONAL UNIVERSITY COLLEGE, GHANA - MAIN LIBRARY | General Stacks | 14/03/2012 | HF5415.127.H66 | 1750/12 | 14/03/2012 | 14/03/2012 | Books |
